000 00572nam a22002057a 4500
999 _c13210
_d13210
003 MIRAKIL
005 20190506103052.0
008 190506b tu ||||| |||| 00| 0 tur d
020 _a9786050504170
040 _aTR-AnCHP
_cTR-AnCHP
041 _atur
082 _a342.02
_bT96t 2019
100 1 _aTürk, Hikmet Sami
_d1935-
245 1 0 _aTemel Yasa Anayasa /
_cHikmet Sami Türk.
260 _aAnkara :
_bYetkin yayınları ,
_c2019.
300 _a796 s.:
_c24 sm.
504 _aBibliyografik bilgi içerir.
650 0 _95694
_aAnayasa
_xTürkiye
942 _2ddc
_cBKS